000
00270nam a2200121Ia 4500
008
230312s9999||||xx |||||||||||||| ||und||
082
_a
658.54
_b
WAG:H
100
_a
Wagen:lynn
245
0
_a
Hospitality management
300
_a
584
650
_a
Management
942
_c
BK
999
_c
14617
_d
14617